SEAT und CUPRA-Modelle 1982-2026 - Statistiken

Allgemein
  • Dieses Quiz wurde 20 mal gespielt
  • Das Durchschnittsergebnis liegt bei 9 aus 26
Antwortstatistiken
Epoche Modell % Korrekt
1984 Ibiza
100%
SEAT auf VW-Basis 1991 Ibiza
100%
1999 Leon
88%
2020 Leon
88%
1996 Alhambra
71%
2016 Ateca
59%
CUPRA 2018 Ateca
59%
2017 Arona
47%
1997 Arosa
41%
2020 Formentor
41%
1991 Toledo
41%
2011 Mii
29%
2018 Tarraco
29%
2004 Altea
24%
2021 Born
24%
2008 Exeo
24%
2023 Tavascan
24%
1985 Malaga
12%
1987 Terra
12%
1993 Cordoba
6%
1995 Inca
6%
1986 Marbella
6%
1982 Ronda
6%
2024 Terramar
6%
SEAT auf FIAT-Basis 1982 Fura
0%
2026 Raval
0%
Keine übereinstimmenden Quizze gefunden
Verteilung der Resultate
Anzahl Personen mit jedem Resultat
Perzentil nach korrekt beantworteten Fragen
Ihre Resultats-Entwicklung
Sie haben dieses Quiz noch nicht gespielt